000 01486nam a2200229Ia 4500
005 20230815152410.0
008 130821s1933 ck fr spa
040 _aCo-BoUCM
_bspa
_cSandra Yazo
_dSandra Yazo
041 0 _aspa
082 0 4 _a355
_220
092 _aE52N010
100 1 _aDíaz, Francisco Javier
_9178311
245 1 0 _aGuía para los cursos de información.
_cPor F. J. Díaz
260 _aBogotá (Colombia)
_bImprenta Nacional
_c1933
300 _aix, 317 páginas
_c17 x 12 cm
500 _aDetalles físicos: Encuadernación flexible en cartulina corrugada. Tapa delantera impresa, con datos de publicación y grabado con el escudo de Colombia. Hoja de cortesía, con sello. Portada impresa en una sola tinta y se repite el grabado de la caratula. Texto impreso en una sola columna, con diferentes tipos y tamaños de letra. Notas de pie de página. Índice. Tapas sucias y manchadas. Residuos de rótulos antiguos. Tapa posterior doblada.
505 0 _aFundamentos de la defensa nacional ; Armas y servicios ; Reclutamiento de oficiales y tropa ; Régimen de instrucción ; Material de guerra del ejército ; Fundamentos de la administración militar ; Ideas generales sobre la movilización del ejército ; Preparación del empleo del ejército ; Operaciones de un ejército
506 _aConsulta en sala
650 7 _aArte y ciencia militar
_956367
_zFrancia
_xGuías
690 _aCiencia militar
_910776
942 _cLIBRO
_a1
_e1
_2LOCAL
_hE52N010
999 _c322962
_d322962